Statistiken für Allgemeinwissen der Geschichte #2

Klicken Sie hier um das Quiz zu spielen!

Allgemein

  • Dieses Quiz wurde 1,840 mal gespielt
  • Das Durchschnittsergebnis liegt bei 11 aus 20

Antwortstatistiken

Frage Antwort % Korrekt
Welcher Vulkan zerstörte Pompeji und Herculaneum?Vesuv
89%
Was war der Name des Palastes von König Ludwig XIV.?Schloss Versailles
83%
Wer war der erste Bundeskanzler der Bundesrepublik Deutschland?Konrad Adenauer
83%
Das Grab von welchem jungen Pharao wurde 1922 entdeckt?Tutanchamun
77%
Wer ist der Vater des modernen Staates der Türkei?Mustafa Kemal Atatürk
74%
Welcher italienische Abenteurer schrieb über seine 24-jährige Reise von Venedig
nach China und zurück?
Marco Polo
74%
Von welchem Reich erhielt Griechenland 1830 seine Unabhängigkeit?Osmanisches Reich
67%
Von wem wird gesagt, dass er die Erleuchtung erhielt, während er unter einem
Bodhibaum saß?
Gautama Buddha
67%
Von welchem lateinischen Titel leiten sich die Wörter "Zar" und "Kaiser" ab?Caesar
67%
Wie nannte man die Demokratische Republik Kongo zwischen 1971 und 1997?Zaire
58%
Bevor er König von England wurde war James I. König welchen Landes?Schottland
52%
Welche Sprache wurde im Byzantinischen Reich gesprochen?Griechisch
49%
Für welches Vergehen wurde Al Capone 1931 verurteilt?Steuerhinterziehung
49%
Welches Land wurde von Haile Selassie geführt?Äthiopien
46%
Welches griechische Genie sagte "Heureka" in der Badewanne?Archimedes
45%
Wer war für 68 Jahre bis zu seinem Tod 1916 Kaiser von Österreich?Franz Joseph
44%
Und welche religiöse Bewegung sieht Haile Selassie als der wiedergekehrte Messias?Rastafari
26%
In welcher Stadt lebte Abraham Zapruder am 22. November 1963?Dallas
16%
Welcher Günstling von Elisabeth I. versuchte Virginia zu kolonisieren und machte
auch das Rauchen beliebt?
Sir Walter Raleigh
12%
Welcher mexikanische General gab Land den Armen und plünderte damit die USA aus?Pancho Villa
9%

Verteilung der Resultate

Perzentil nach korrekt beantworteten Fragen

Anzahl Personen mit jedem Resultat

Ihre Resultats-Entwicklung

Sie haben dieses Quiz noch nicht gespielt